000 00620nam a2200193 i 4500
001 128918
003 ES-MaACL
005 20230906193407.0
007 t|
008 070530s1963 ag |||| |bspa d
080 _a929 Trujillo, Rafael Leónidas
100 1 _aTejada Diaz, Teodoro.
_9109562
245 1 0 _aYo investigué la muerte de Trujillo /
_cTeodoro Tejada Díaz.
260 _aBuenos Aires :
_bPlaza y Janés,
_c1963.
300 _a194 p. ;
_c21 cm.
600 1 4 _aTrujillo Molina, Rafael Leónidas.
_9111579
651 4 _aRepública Dominicana-
_xHistoria-
_y1930-1961.
_9155367
852 _aES-MaACL
_jC-24638
999 _c128918
_d128918